000 00714cam a22002292 4500
001 0000020854
005 20151217145928.0
008 111024s xx 000 0 eng d
020 _a0199239153 :
040 _aKABU
_cKABU
100 1 _aGray, Christine.
_@0000181471
245 1 0 _aInternational law and the use of force /
_cChristine Gray.
250 _a3rd ed.
260 _aOxford :
_bO. U. P.,
_c2008.
300 _axvii, 455 p.
650 0 _aIntervention (International law)
_@0000135107
650 0 _aAggression (International law)
_@0000181472
650 0 _aInternational police.
_@0000181473
852 1 _9p8120 KES
908 _a111024
950 _@1
999 _c4195
_d4195